000 00785nam a2200241Ia 4500
003 OSt
005 20241009155206.0
008 210716s2019 xx 000 0 und d
020 _a9789352995103
040 _cAIMIT LIBRARY
041 _aeng
082 _a382.1
_211
_bPURV
100 _aPuri, V K.
_9181997
245 _aEconomic environment of business /
_cBy V K Puri and S K Misra.
250 _a11th Revised Edition.
260 _aNew Delhi :
_bHimalaya Publishing House ,
_c2019.
300 _axviii,750P. ;
650 _aNon- economic environment of business
_9181998
650 _aAnatomy and functioning of an economy
_9181999
650 _aBusiness and government- Indian perspective
_9182000
700 _aMisra, S K.
_9182001
942 _2ddc
_cBK
_e11th
_k382.1 PURV
999 _c210883
_d210883